|
|
|
|
| LEADER |
00000nam a2200000 i 4500 |
| 001 |
DIGCOLMX0001 |
| 003 |
NyNyDIG |
| 006 |
m o d |
| 008 |
210606s2020 mx b ob 001 0 spa d |
| 007 |
cr ||||||||||| |
| 035 |
|
|
|a (OCoLC)1184237950
|
| 040 |
|
|
|a DGITA
|b eng
|e rda
|e pn
|c DGITA
|
| 020 |
|
|
|a 9786075641829
|q digital
|
| 020 |
|
|
|a 6075641823
|q digital
|
| 020 |
|
|
|z 9786076287996
|q impreso
|
| 020 |
|
|
|z 6076287993
|q impreso
|
| 050 |
1 |
4 |
|a HJ2466 ebook
|
| 082 |
0 |
4 |
|a 336.72
|
| 100 |
1 |
|
|a Aboites, Luis.
|e author.
|
| 245 |
1 |
0 |
|a Estudio sobre geografia tributaria mexicana, 1788-2005 /
|c Luis Aboites Aguilar.
|
| 250 |
|
|
|a Primera edición digital.
|
| 264 |
|
1 |
|a Ciudad de México, México :
|b El Colegio de México, Centro de Estudios Históricos,
|c 2020.
|
| 300 |
|
|
|a 1 online resource :
|b maps.
|
| 336 |
|
|
|a text
|b txt
|2 rdacontent
|
| 337 |
|
|
|a computer
|b c
|2 rdamedia
|
| 338 |
|
|
|a online resource
|b cr
|2 rdacarrier
|
| 347 |
|
|
|a text file
|2 rdaft
|
| 347 |
|
|
|b EPUB
|
| 504 |
|
|
|a Includes bibliographical references and index.
|
| 505 |
0 |
|
|a El eje México-Veracruz, o el arreglo de fines de la época colonial -- El predominio de la aduana de Veracruz, 1824-1870 -- Primer intento por abandonar el litoral : el impuesto del timbre, 1880-1925 -- Segundo intento y auge de la meseta central : el ISR, 1930-2005 -- Contribución de los impuestos indirectos, 1976-2005 -- La insignificancia -- Comparación con Estados Unidos, año 2000.
|
| 588 |
0 |
|
|a Online resource; title from ePub title page (Digitalia, viewed June 7, 2021)
|
| 650 |
|
0 |
|a Taxation
|z Mexico
|x History.
|
| 650 |
|
0 |
|a Finance, Public
|z Mexico
|x History.
|
| 650 |
|
0 |
|a Tax collection
|z Mexico
|x History.
|
| 650 |
|
0 |
|a Economic geography.
|
| 655 |
|
0 |
|a Electronic books.
|
| 710 |
2 |
|
|a Colegio de México.
|b Centro de Estudios Históricos,
|e issuing body.
|
| 791 |
2 |
|
|a Digitalia (Firm),
|e distributor.
|
| 793 |
0 |
|
|g Digitalia eBook Collection:
|a El Colegio de México
|
| 776 |
0 |
8 |
|i Print version:
|a Aboites, Luis.
|t Estudio sobre geografía tributaria mexicana, 1788-2005.
|b Primera edición.
|d Ciudad de México : El Colegio de México, 2019
|z 9786076287996
|w (OCoLC)1204310094
|
| 856 |
4 |
0 |
|3 Digitalia Hispánica
|u https://www.digitaliapublishing.com/a/80659/
|
| 910 |
|
|
|a Premium collection: 2021
|